Maila Akhian Da (Record no. 329867)
[ view plain ]
| 000 -LEADER | |
|---|---|
| fixed length control field | 00532 a2200157 4500 |
| 003 - CONTROL NUMBER IDENTIFIER | |
| control field | NUST |
| 005 - DATE AND TIME OF LATEST TRANSACTION | |
| control field | 20170622114046.0 |
| 008 - FIXED-LENGTH DATA ELEMENTS--GENERAL INFORMATION | |
| fixed length control field | 170526b xxu||||| |||| 00| 0 eng d |
| 020 ## - INTERNATIONAL STANDARD BOOK NUMBER | |
| International Standard Book Number | 9694962609 |
| 040 ## - CATALOGING SOURCE | |
| Transcribing agency | NUST |
| 082 ## - DEWEY DECIMAL CLASSIFICATION NUMBER | |
| Classification number | 891.4391 |
| Author Mark | MAS |
| 100 ## - MAIN ENTRY--PERSONAL NAME | |
| Personal name | Anwar, Masood |
| 9 (RLIN) | 1453 |
| 245 ## - TITLE STATEMENT | |
| Title | Maila Akhian Da |
| Statement of responsibility, etc. | Anwar, Masood |
| 260 ## - PUBLICATION, DISTRIBUTION, ETC. | |
| Place of publication, distribution, etc. | Lahore |
| Name of publisher, distributor, etc. | Dost Publicaitons |
| Date of publication, distribution, etc. | 2011 |
| 300 ## - PHYSICAL DESCRIPTION | |
| Extent | 111 p. |
| Dimensions | 22 cm. |
| 500 ## - GENERAL NOTE | |
| General note | Poetry |
| 546 ## - LANGUAGE NOTE | |
| Language note | In Urdu |
| 650 ## - SUBJECT ADDED ENTRY--TOPICAL TERM | |
| Topical term or geographic name entry element | 1. Punjabi Adab. |
| 9 (RLIN) | 1454 |
| 880 ## - ALTERNATE GRAPHIC REPRESENTATION | |
| Title | میلہ اکھیاں دا |
| Linkage | 245-02\(3\r |
| c | انور مسعود |
| 880 ## - ALTERNATE GRAPHIC REPRESENTATION | |
| Title | انور مسعود |
| Linkage | 100-01\(3\r |
| 880 ## - ALTERNATE GRAPHIC REPRESENTATION | |
| Title | اسلام آباد: |
| Linkage | 260-03\(3\r |
| b | دوست پبلی کیشنز، |
| c | 2011 |
| 942 ## - ADDED ENTRY ELEMENTS (KOHA) | |
| Koha item type | Book |
| Source of classification or shelving scheme | |
| Withdrawn status | Lost status | Source of classification or shelving scheme | Damaged status | Not for loan | Permanent Location | Current Location | Shelving location | Date acquired | Total Checkouts | Total Renewals | Full call number | Barcode | Date last seen | Date last checked out | Copy number | Price effective from | Koha item type |
|---|---|---|---|---|---|---|---|---|---|---|---|---|---|---|---|---|---|
| Central Library (CL) | Central Library (CL) | Fiction | 05/26/2017 | 2 | 1 | 891.4391 MAS | CL1798 | 04/22/2024 | 03/17/2022 | 1 | 05/26/2017 | Book |
